History Quiz

Random History or Politics Quiz

Republican Presidential Candidates Quiz Stats

 Plays Quiz Updated Jul 19, 2018

Challenge
Share
Tweet
Score 0/20 Timer 06:00
5 Plays Today
% Correct
Donald Trump
99.3%
George W. Bush
98.9%
George H.W. Bush
97.9%
Ronald Reagan
97.8%
Richard Nixon
97.3%
John McCain
96.5%
Mitt Romney
95%
Dwight D. Eisenhower
94.3%
Gerald Ford
93.6%
Theodore Roosevelt
86.7%
% Correct
Bob Dole
84.8%
William H. Taft
79.6%
Herbert Hoover
77%
Calvin Coolidge
68.4%
Barry Goldwater
67.6%
Warren G. Harding
65.3%
Thomas E. Dewey
64.9%
Alf Landon
23.7%
Wendell Willkie
23%
Charles Evans Hughes
15.5%

You're not logged in!

Compare scores with friends on all Sporcle quizzes.
OR
Log In

You Might Also Like...

Show Comments

Extras

Top Quizzes Today


Score Distribution

Your Account Isn't Verified!

In order to create a playlist on Sporcle, you need to verify the email address you used during registration. Go to your Sporcle Settings to finish the process.

Report this User

Report this user for behavior that violates our Community Guidelines.

Details: